List of Real Madrid Champions League Managers - Statistics

General Stats
  • This quiz has been taken 88 times
  • The average score is 3 of 7
Answer Stats
Hint Answer % Correct
2015-2016; 2016-2017; 2017-2018 Zinedine Zidane
100%
2013-2014; 2021-2022 Carlo Ancelotti
97%
1999-2000; 2001-2002 Vicente del Bosque
64%
1997-1998 Jupp Heynckes
33%
1959-1960; 1965-1966 Miguel Muñoz
27%
1955-1956; 1956-1957 José Villalonga
9%
1957-1958; 1958-1959 Luis Carniglia
5%
No matching quizzes found
Score Distribution
Percent of People with Each Score
Percentile by Number Answered
Your Score History
You have not taken this quiz